000
00231nam a22000977a 4500
008
250718b |||||||| |||| 00| 0 eng d
020
_a
9789362391568
100
_a
Oswaal
_9
7599
245
_a
Oswaal
260
_a
New Delhi
_b
Oswaal
_c
2025
999
_c
12785
_d
12785